| 000 | 01405cam a2200337 a 4500 | ||
|---|---|---|---|
| 090 | _c10111 | ||
| 001 | 1634863 | ||
| 005 | 20020829202404.0 | ||
| 008 | 960502s1997 enka b 001 0 eng | ||
| 010 | _a 96023344 | ||
| 020 | _a0521561655 (hardback) | ||
| 040 |
_aDLC _cDLC _dDLC |
||
| 050 | 0 | 0 |
_aHB501 _b.C7257 1997 |
| 082 | 0 | 0 |
_a330.122 _220 _bCON |
| 245 | 0 | 0 |
_aContemporary capitalism : _bthe embeddedness of institutions / _cedited by J. Rogers Hollingsworth, Robert Boyer. |
| 260 |
_aCambridge ; _aNew York : _bCambridge University Press, _cc.1997. |
||
| 300 |
_axvi, 493 p. : _bill. ; _c24 cm. |
||
| 440 | 0 | _aCambridge studies in comparative politics | |
| 504 | _aIncludes bibliographical references and index. | ||
| 650 | 0 | _aCapitalism. | |
| 650 | 0 | _aInstitutional economics. | |
| 650 | 0 | _aOrganization. | |
| 700 | 1 |
_aHollingsworth, J. Rogers _q(Joseph Rogers), _d1932- |
|
| 700 | 1 |
_aBoyer, Robert, _d1943- |
|
| 856 | 4 | 2 |
_3Publisher description _uhttp://www.loc.gov/catdir/description/cam027/96023344.html |
| 856 | 4 | 1 |
_3Table of contents _uhttp://www.loc.gov/catdir/toc/cam026/96023344.html |
| 906 |
_a7 _bcbc _corignew _d1 _eocip _f19 _gy-gencatlg |
||
| 942 |
_2ddc _cARCH |
||
| 999 |
_c10111 _d10111 |
||